| 000 | 00000nam##2200000za#4500 |
| 001 | 9.571621 |
| 003 | CaOODSP |
| 005 | 20211126112844 |
| 007 | cr ||||||||||| |
| 008 | 150406|1994||||xxc|||||o f|0| 0 eng|d |
| 022 | |a1701-9397 |
| 040 | |aCaOODSP|beng |
| 043 | |an-cn--- |
| 086 | 1 |aFB3-2/94-12E-PDF |
| 110 | 2 |aBank of Canada. |
| 245 | 10|aSearching for the liquidity effect in Canada / |h[electronic resource]|cby Ben S. C. Fung and Rohit Gupta. |
| 260 | |aOttawa - Ontario : |bBank of Canada |cDecember 1994. |
| 300 | |a61p.|bgraphs, tables |
| 490 | 1 |aBank of Canada working paper|x1701-9397|v94-12 |
| 500 | |aThe ISBN (0-662-22804-9) and ISSN (1192-5434) for the print edition have been incorrectly copied in this electronic publication. |
| 504 | |aBibliography. |
| 546 | |aRésumé en français. |
| 590 | |a11-19-Supp|b2011-09-23 |
| 690 | 07|aInflation|2gcpds |
| 720 | 1 |aGupta, Rohit |
| 720 | 1 |aFung, Ben S. C. |
| 776 | 0#|tSearching for the liquidity effect in Canada / |w(CaOODSP)9.611697 |
| 830 | #0|aWorking paper (Bank of Canada)|x1701-9397|v94-12|w(CaOODSP)9.504604 |
| 856 | 40|ahttp://publications.gc.ca|qPDF|s1.38 MB|uhttps://publications.gc.ca/collections/Collection/FB3-2-94-12E.pdf|y94-12 |